000 01188nam a22003617a 4500
001 0028446
003 KOHA_MİRAKIL
005 20260207002630.0
007 ta
008 110314b2005 tu |||gr||||#||||1|tur |
020 _a9789753387378
_c10
040 _aTR-BiSEU
_btur
_cTR-BiSEU
_erda
041 0 _atur
044 _ctu
050 _aPL227
_b.U88 2005
100 1 _a Usta, Çiğdem..
245 1 _aMizah dilinin gizemi/
_cÇiğdem. Usta ; Çiğdem Usta.
264 1 _aAnkara :
_bAkçağ Yayınları
_c2005
300 _a208 s. ;
_c20 cm.
336 _ametin
_btxt
_2rdacontent
337 _aaracısız
_bn
_2rdamedia
338 _acilt
_bnc
_2rdacarrier
490 1 _aAkçağ yayınları ;
_v755 Araştırma-inceleme ;
_v53.
500 _aKaynakça var.
650 0 _aTürk nükte ve mizahı--Tarih ve eleştiri.
_956313
650 0 _aTurkish wit and humor--History and criticism.
_956314
650 0 _aNükte ve mizah--Tarih ve eleştiri.
_956315
650 0 _aWit and humor--History and criticism.
_956316
650 0 _aGülme.
_956317
650 0 _aLaughter.
_956318
830 1 _aAkçağ yayınları ;
_v755 Araştırma-inceleme ;
_v53.
_97970
942 _2lcc
_cBK
999 _c28369
_d28369